000 00240nam a2200097Ia 4500
001 760570
005 20250826165151.0
008 250824s9999 xx 000 0 und d
245 0 _aSIR PERDESİ
_cYAVUZ BAHADIROĞLU
260 _bPANAMA YAYINLARI
999 _c760570
_d760570